Stati con più Musulmani in America del Sud - Statistics

Statistiche generali
  • Questo quiz è stato fatto 11 volte
  • Il punteggio medio è 5 su 5
Statistiche sulle risposte
Musulmani (in numeri assoluti) Stato % Corretto
400 000 Argentina
100%
1 500 000 Brasile
100%
96 337 Colombia
100%
125 216 Venezuela
90%
85 800 Suriname
80%
Nessun quiz corrispondente trovato
Distribuzione punteggi
Percentuale di utenti per punteggio
Percentile per numero di risposta
I tuoi punteggi nel tempo
Non hai fatto questo quiz